Vyhľadávanie informácií ohodnocovaním grafov

Gespeichert in:
Bibliographische Detailangaben
1. Verfasser: Mihalovič, Martin, 1986- (Verfasst von)
Weitere Verfasser: Suchal, Ján, 1982- (Betreuung Doktorarbeit)
Format: Manuskript Buch
Sprache:Slowakisch
Veröffentlicht: STU v Bratislave FIIT, 2009
Schlagworte:
Tags: Tag hinzufügen
Keine Tags, Fügen Sie das erste Tag hinzu!

MARC

LEADER 00000ntm a22000003a 4500
001 stu199293
005 20180220135941.5
008 100202s2009----xo------------------slo-d
040 |a STU  |b slo 
041 0 |a slo 
044 |a xo 
100 1 |a Mihalovič, Martin,  |d 1986-  |4 aut  |u I200  |U FIIT Fakulta informatiky a informačných technológií  |T FIIT Ústav informatiky a softvérového inžinierstva  |X 17061  |U I200  |Y 179  |7 A000017061 
245 1 |a Vyhľadávanie informácií ohodnocovaním grafov 
260 |b STU v Bratislave FIIT,  |c 2009 
300 |a 28 s 
650 7 |a informatika  |2 stusub 
700 1 |a Suchal, Ján,  |d 1982-  |4 ths  |u I200  |U FIIT Fakulta informatiky a informačných technológií  |T FIIT Ústav informatiky a softvérového inžinierstva  |X 24945  |U I200  |Y 179  |7 A000024945 
996 |c I*BAP122/09  |l II680  |s P  |a 0  |w stu199293_0001